000 005420000a22001810004500
001 20264
090 _a20264
100 _a20071029d1987 m y0pory5003 ba
101 0 _apor
102 _aPT
200 1 _aFutebol Clube do Porto
_efotobiografia
_fRui Guedes
210 _aLisboa
_cDom Quixote
_d1987
215 _a288, [3] p.
_cmuito il.
675 _a796.33(091)(084)
_vBN
_zpor
675 _a061.237(469.121)
_vBN
_zpor
700 1 _aGuedes
_bRui
942 _cMON
_n0
999 _a20264
_bBibliobase - BMTAV
_c2019-01-21